La ratita presumida / (Registro nro. 11696)
[ vista simple ]
| 000 -LIDER | |
|---|---|
| fixed length control field | 00673nam a22002297a 4500 |
| 003 - IDENTIFICACDOR DE NÚMERO DE CONTROL | |
| control field | DO-SdBNP |
| 005 - DATE AND TIME OF LATEST TRANSACTION | |
| control field | 20240904124529.0 |
| 008 - ELEMENTOS DE LONGITUD FIJA | |
| fixed length control field | 161027b2006 sp || 00| 0 spa d |
| 020 ## - ISBN | |
| International Standard Book Number | 8498202981 |
| 040 ## - FUENTE DE CATALOGACIÓN | |
| Agencia que crea de manera original el registro | BPMSU |
| Idioma de catalogación | spa |
| Agencia que realiza la transcripción | BPMSU |
| 082 #4 - NÚMERO DE CLASIFICACIÓN DECIMAL DE DEWEY | |
| Classification number | 863 |
| Item number | R236p 2006 |
| Edition number | 22 |
| 245 03 - MENCIÓN DE TITULO | |
| Título | La ratita presumida / |
| Mención de responsabilidad | Ilustrado por Lancman Ink |
| 260 ## - PUBLICACIÓN, DISTRIBUCIÓN, ETC. (PIE DE IMPRENTA) | |
| Lugar de publicación, distribución, etc | Barcelona : |
| Nombre del editor, distribuidor, etc. | Diario el Pais , |
| Fecha de publicación, distribución, etc | 2006 |
| 300 ## - DESCRIPCIÓN FÍSICA | |
| Extensión | 39 p. : |
| Otros detalles físicos | il. ; |
| Dimensiones | 21 cm |
| 490 0# - MENCIÓN DE SERIES | |
| Mención de serie | Cuentos Infantiles ; |
| Volume/sequential designation | 4 |
| 590 ## - NOTA LOCAL | |
| Texto de la nota local | Inventariado, 2024/VM |
| 650 #4 - ENCABEZAMIENTO DE MATERIA--TEMÁTICO | |
| Término temático o nombre geográfico como elemento de entrada | Cuentos infantiles |
| 650 #4 - ENCABEZAMIENTO DE MATERIA--TEMÁTICO | |
| Término temático o nombre geográfico como elemento de entrada | Literatura infantil |
| 700 1# - ASIENTO SECUNDARIO -- NOMBRE PERSONAL | |
| Nombre personal | Ink, Lancman |
| Mención de responsabilidad | ilustración |
| 910 ## - VALIDACIÓN | |
| Validación | VMateo V. Control de calidad BPMSU |
| 942 ## - ADDED ENTRY ELEMENTS (KOHA) | |
| Source of classification or shelving scheme | Dewey Decimal Classification |
| Koha item type | Libros |
| Withdrawn status | Lost status | Source of classification or shelving scheme | Damaged status | Not for loan | Collection code | Home library | Current library | Date acquired | Source of acquisition | Total Checkouts | Full call number | Barcode | Date last seen | Price effective from | Koha item type |
|---|---|---|---|---|---|---|---|---|---|---|---|---|---|---|---|
| Dewey Decimal Classification | Colección Infantil General | Biblioteca Pública Metropolitana Salomé Ureña | Biblioteca Pública Metropolitana Salomé Ureña | 10/27/2016 | BPMSU CGI 863 R236p 2006 | BPMSU16100398 | 10/27/2016 | 10/27/2016 | Libros |